00559nam a22001817a 450000500170000001000110001702000100002803500110003803700160004904000120006508200150007724501010009226000460019327000750023930000190031465000290033370000150036220170124110215.0 a824992 c00.00 a824992 bCen Lib/Ret aDPLbEN a483.4bADV aAdvanced twentieth century dictionary :crevised by Abdul Haq benglish into english into urdu / aDelhibEducational publishing housec1976 bDelhia3108, Vakil street, Dr. Mirza Ahmad Ali marg, lal kuan e110006 a88p.c23cm(Hb) aEnglish-UrduvDictionary aAbdul Haq